Autonomía Militar e Democracia: o caso Brasileiro

Guardat en:
Dades bibliogràfiques
Autor principal: Brigagao, Clovis
Format: Text
Publicat: Santiago: FLACSO
Etiquetes: Afegir etiqueta
Sense etiquetes, Sigues el primer a etiquetar aquest registre!

MARC

LEADER 00000 a a2200000 04500
001 25115
003
040
090 |a 179900  
100 |a Brigagao, Clovis  
245 |a Autonomía Militar e Democracia: o caso Brasileiro  
260 |a Santiago:   |b FLACSO  
300 |a 25 p.  
999 |c 12343  |d 12343